| 000 | 01121cam a2200229 4500 | ||
|---|---|---|---|
| 001 | ABS65669 | ||
| 008 | 020705n2002 000 0 eng u | ||
| 035 | _a(Sirsi) u118726 | ||
| 245 | _aFuture's bright for transport | ||
| 260 | _c2002 | ||
| 490 |
_aPlanning (for the Natural and Built Environment) _v(1475) 28 June 2002, 17(1) |
||
| 520 | _aExamines the government-backed programme of multi-modal studies produced since the transport white paper of four years ago. The results promote a mixture of public transport, roads based, engineering and management solutions. The new studies promote a more integrated use of all the different modes of transport. Gives opinions of different organisations and companies such as Halcrow and Integrated Transport Planning who have different opinions on the usefulness of the multi-model approach. | ||
| 590 | _aABS | ||
| 650 | _aMULTI-MODAL STUDIES | ||
| 650 | _aTRANSPORT PLANNING | ||
| 650 | _aINTEGRATED TRANSPORT | ||
| 650 | _aPUBLIC TRANSPORT | ||
| 650 | _aENGINEERING | ||
| 650 | _aMANAGEMENT STRATEGIES | ||
| 690 | _aTRANSPORT AND COMMUNICATIONS | ||
| 942 | _n0 | ||
| 999 |
_c70685 _d70685 |
||